Premio Literario Omar Torrijos H. 1983
Guardat en:
| Format: | Text |
|---|---|
| Publicat: |
Panamá:
Mariano Arosemena
|
| Etiquetes: |
Afegir etiqueta
Sense etiquetes, Sigues el primer a etiquetar aquest registre!
|
MARC
| LEADER | 00000 a a2200000 04500 | ||
|---|---|---|---|
| 001 | 24171 | ||
| 003 | |||
| 040 | |||
| 090 | |a 172000 | ||
| 245 | |a Premio Literario Omar Torrijos H. 1983 | ||
| 260 | |a Panamá: |b Mariano Arosemena | ||
| 300 | |a pp. 7-32 | ||
| 999 | |c 1132 |d 1132 | ||
